Statistiques concernant Architectes célèbres

Cliquez ici pour prendre le quiz!

Statistiques générales

  • Ce quiz a été pris 66 fois
  • Le résultat moyen est 5 sur 14

Statistiques - réponses

Bâtiment célèbreEmplacementArchitecte% Correct
Sagrada FamíliaBarceloneAntoni Gaudi
77%
Chapelle Notre-Dame-du-HautHaute-SaôneLe Corbusier
74%
Pyramide du LouvreParisI.E. Pei
72%
Le musée Solomon R. GuggenheimNew YorkFrank Lloyd Wright
62%
Pavillon allemand de BarceloneBarceloneLudwig Mies van der Rohe
60%
Maison FinlandiaHelsinkiAlvar Aalto
43%
Phæno , musée de vulgarisation scientifiqueWolfsburgZaha Hadid
26%
Siège des Nations uniesNew YorkOscar Niemeyer
25%
Yale University Art GalleryNewhavenLouis Kahn
23%
CCTV HeadquartersPékinRem Kolhaas
19%
Maison SchröderUtrechtGerrit Rietveld
17%
Gateway ArchSt.LouisEero Saarinen
13%
Tempelhof (aéroport)BerlinAlbert Speer
9%
Mode Gakuen Cocoon TowerTokyoKenzo Tange
0%

Distribution des résultats

Percentile par nombre de réponses

% des personnes avec chaque résultat

Votre développement - résultats

Vous n’avez pas pris ce quiz